Retrouve le personnage de Fairy Tail grâce à son surnom - Statistiques

Statistiques générales
  • Ce quiz a été pris 67 fois
  • Le résultat moyen est 14 sur 35
Statistiques - réponses
Surnom Personnage % Correct
Le Dragon Noir de l'Apocalypse Acnologia
93%
Titania, la Reine des Fées Erza
89%
La Femme de la Pluie Jubia
88%
La Salamandre Natsu
82%
Loki Leo
72%
La Stratège des Fées Mavis
68%
La Démone Mirajane
68%
Le Dragon de l'Ombre Rog
67%
Le Dragon Blanc Sting
65%
Beast Arm Elfman
61%
L'Acier Noir Gajil
51%
L'Empereur Spriggan Zeleph
51%
L'Assistante du Temps Ultia
49%
Le Roi des Mages August
46%
La Reine des Dragons Eileen
46%
La Briseuse de pays Brandish
44%
Hadès Precht
44%
La Prêtresse Céleste Wendy
40%
Le Roi du Désert Ajil
37%
L'Innocente Guerrière Dimaria
25%
L'Assassin Jacob
25%
Le Général de l'Hiver Inbel
23%
Le Dragnir Blanc Rahkeid
23%
Le Dieu de la Mort Bloodman
21%
Le Zéro Absolu Silver
16%
Hybrid Theory God Serena
14%
Le Roi des Enfers Mald Gheel
12%
Le Juge Wahl Icht
9%
Le Sabre long Ezer
7%
Le Moine Ténébreux Keith
7%
L'Etoile de la domination Kyoka
7%
La Lune Pâle Seila
7%
L'Immortel Tempester
7%
La Carapace Franmars
5%
L'Obscurité Trafzer
5%
Aucun quiz correspondant
Distribution des résultats
% des personnes avec chaque résultat
Percentile par nombre de réponses
Votre historique - résultats
Vous n’avez pas pris ce quiz